[Event "CZE-chT2D 1213"]
[Site "Czech Republic"]
[Date "2012.12.02"]
[Round "4.1"]
[White "Pastircak, Milan"]
[Black "Zeberski, Jakub"]
[Result "0-1"]
[WhiteElo "2404"]
[BlackElo "2351"]
[PlyCount "87"]
[EventDate "2012.10.14"]
[EventType "team-tourn"]
[EventRounds "11"]
[EventCountry "CZE"]
[SourceTitle "EXT 2016"]
[Source "ChessBase"]
[SourceDate "2015.10.08"]
[SourceVersion "1"]
[SourceVersionDate "2015.10.08"]
[SourceQuality "1"]
[WhiteTeam "Olomouc Garde"]
[BlackTeam "Rychnov nad Kneznou"]
[WhiteTeamCountry "CZE"]
[BlackTeamCountry "CZE"]

1. d4 d5 2. Nf3 Nf6 3. c4 e6 4. Nc3 Be7 5. Bg5 0-0 6. e3 h6 7. Bh4 Ne4 8. Bxe7 Qxe7 9. Qb3 c6 10. Bd3 Nxc3 11. Qxc3 dxc4 12. Bxc4 Nd7 13. 0-0 b6 14. Rad1 Bb7 15. e4 c5 16. d5 exd5 17. Bxd5 Bxd5 18. exd5 Qd6 19. a4 Rfe8 20. Rfe1 Rxe1+ 21. Nxe1 Nf6 22. Nc2 Re8 23. Qf3 Re4 24. b3 Rf4 25. Qe2 Ng4 26. g3 Qg6 27. Ne3 Nxf2 28. Qxf2 Rxf2 29. Kxf2 Qf6+ 30. Ke2 Kf8 31. d6 Ke8 32. d7+ Kd8 33. Rd3 Qb2+ 34. Kf3 Qxh2 35. Nc4 f6 36. Ne3 Qh1+ 37. Kf2 Qe4 38. Ke2 h5 39. Rd5 h4 40. gxh4 Qxh4 41. Kd2 Qh2+ 42. Kd3 Qb2 43. Nc4 Qc1 44. Ke4 0-1